000 00258nam a2200097Ia 4500
001 1064922
005 20250827001724.0
008 250824s9999 xx 000 0 und d
245 0 _aALLAH AŞKINA DUA ET
_cTALHA BORA ÖGE
260 _bKARATAY AKADEMİ YAYINLARI
999 _c1064922
_d1064922